Statistiken für Beste Bundesliga Torschützen Hertha BSC

Klicken Sie hier um das Quiz zu spielen!

Allgemein

  • Dieses Quiz wurde 217 mal gespielt
    (94 seit der letzten Aktualisierung)
  • Das Durchschnittsergebnis liegt bei 20 aus 44

Antwortstatistiken

SaisonNationalitätToreSpieler% Korrekt
2022/23Belgien11Dodi Lukébakio
88%
2019/20Belgien7Dodi Lukébakio
88%
2019/20Bosnien und Herzegowina7Vedad Ibišević
82%
2016/17Bosnien und Herzegowina12Vedad Ibišević
82%
2002/03Brasilien14Marcelinho
78%
2005/06Brasilien12Marcelinho
78%
2004/05Brasilien18Marcelinho
78%
2003/04Brasilien8Marcelinho
78%
2001/02Brasilien13Marcelinho
78%
2014/15Elfenbeinküste6Salomon Kalou
74%
2017/18Elfenbeinküste12Salomon Kalou
74%
2015/16Elfenbeinküste14Salomon Kalou
74%
1998/99Deutschland23Michael Preetz
70%
1997/98Deutschland14Michael Preetz
70%
2000/01Deutschland16Michael Preetz
70%
1999/00Deutschland12Michael Preetz
70%
2021/22Montenegro6Stevan Jovetić
68%
2006/07Serbien14Marko Pantelić
66%
2007/08Serbien13Marko Pantelić
66%
2009/10Kolumbien10Adrián Ramos
64%
2013/14Kolumbien16Adrián Ramos
64%
2020/21Polen7Krzysztof Piątek
64%
2008/09Ukraine11Andrij Woronin
57%
2018/19Slowakei11Ondrej Duda
55%
2020/21Brasilien7Matheus Cunha
53%
1978/79Deutschland12Erich Beer
33%
1975/76Deutschland23Erich Beer
33%
1974/75Deutschland11Erich Beer
33%
2011/12Deutschland8Pierre-Michel Lasogga
29%
1970/71Deutschland20Lorenz Horr
7%
1971/72Deutschland11Lorenz Horr
7%
1972/73Deutschland12Lorenz Horr
7%
1977/78Deutschland17Karl-Heinz Granitza
5%
1976/77Deutschland15Karl-Heinz Granitza
5%
1990/91Deutschland6Theo Gries
4%
1969/70Deutschland15Franz Brungs
3%
1968/69Deutschland6Franz Brungs
3%
1982/83Deutschland9Thomas Remark
3%
1973/74Deutschland11Erwin Hermandung
1%
1963/64Deutschland9Helmut Faeder
1%
1979/80Dänemark9Henrik Agerbeck
1%
1964/65Deutschland8Michael Krampitz
1%
1990/91Deutschland6Sven Kretschmer
1%
1968/69Deutschland6Werner Ipta
0%

Verteilung der Resultate

Perzentil nach korrekt beantworteten Fragen

Anzahl Personen mit jedem Resultat

Ihre Resultats-Entwicklung

Sie haben dieses Quiz seit der letzten Aktualisierung nicht gespielt